000
00291nam a22001217a 4500
020
_a
0-15-583760-5
082
_a
519.4 HAM'S
100
_a
HAMBURG, MORRIS
_9
78651
245
_a
STATISTICAL ANALYSIS FOR DECISION MAKING
260
_a
NEWYORK
_b
HARCOURT
_c
1970
300
_a
817P
942
_c
BK
999
_c
583762
_d
583762